[Event "Milovan Prvulj Memorial"]
[Site "Pancevo"]
[Date "2003.03.08"]
[Round "11"]
[White "Matovic, Radojko"]
[Black "Scekic, Milos"]
[Result "0-1"]
[WhiteElo "2182"]
[BlackElo "2447"]
[PlyCount "96"]
[EventDate "2003.02.28"]
[EventType "tourn"]
[EventRounds "11"]
[EventCountry "YUG"]
[EventCategory "4"]
[SourceTitle "CBM 093 Extra"]
[Source "ChessBase"]
[SourceDate "2003.05.09"]
[SourceVersion "1"]
[SourceVersionDate "2003.05.09"]
[SourceQuality "1"]

1. e4 c6 2. d4 d6 3. Nc3 Nf6 4. f4 Qa5 5. Bd3 e5 6. Nf3 Nbd7 7. 0-0 Be7 8. Kh1 0-0 9. Ne2 d5 10. fxe5 dxe4 11. exf6 Nxf6 12. Ne5 exd3 13. Qxd3 Be6 14. Nf4 Bd5 15. Bd2 Qb6 16. Nxd5 cxd5 17. Bg5 Rad8 18. Rae1 Qd6 19. Re3 Ne4 20. Bf4 Qe6 21. Rh3 f6 22. Nf3 g5 23. Rg3 Kh8 24. Bd2 Nxg3+ 25. hxg3 Bd6 26. Nh2 Qe4 27. Rf3 Rc8 28. c3 Qxd3 29. Rxd3 Rce8 30. Kg1 Re2 31. Nf1 Rfe8 32. a4 Kg7 33. b3 b6 34. c4 dxc4 35. bxc4 Kg6 36. a5 Rc8 37. Ne3 Bxg3 38. Kf1 Rf2+ 39. Kg1 Rxd2 40. Rxd2 Be1 41. Ra2 Bxa5 42. c5 Bc3 43. Ra4 b5 44. Nd5 bxa4 45. Nxc3 a3 46. Kf2 Rb8 47. c6 Rb3 48. Ne4 a2 0-1

[Event "Milovan Prvulj Memorial"]
[Site "Pancevo"]
[Date "2003.03.06"]
[Round "9"]
[White "Matovic, Radojko"]
[Black "Robulj, Nenad"]
[Result "1/2-1/2"]
[WhiteElo "2182"]
[BlackElo "2233"]
[PlyCount "72"]
[EventDate "2003.02.28"]
[EventType "tourn"]
[EventRounds "11"]
[EventCountry "YUG"]
[EventCategory "4"]
[SourceTitle "CBM 093 Extra"]
[Source "ChessBase"]
[SourceDate "2003.05.09"]
[SourceVersion "1"]
[SourceVersionDate "2003.05.09"]
[SourceQuality "1"]

1. e4 e6 2. d4 d5 3. Nd2 c5 4. exd5 Qxd5 5. Ngf3 Nf6 6. Bc4 Qd8 7. c3 cxd4 8. Nxd4 a6 9. Qe2 Be7 10. N2f3 0-0 11. Bf4 Nd5 12. Be5 Nd7 13. Bg3 N7f6 14. Ne5 Bd6 15. Rd1 Qc7 16. 0-0 b6 17. Bb3 Bb7 18. Rfe1 Rad8 19. a3 b5 20. Bc2 g6 21. Qd2 Nh5 22. Ndf3 Nxg3 23. hxg3 Rfe8 24. Bb3 Bc5 25. Qh6 f6 26. Nd3 Bf8 27. Qh3 e5 28. Nb4 Bxb4 29. axb4 Kg7 30. Qg4 h5 31. Qh4 Nb6 32. Bc2 Bc8 33. Qe4 Bf5 34. Qe2 Bxc2 35. Qxc2 Nd5 36. Nh4 f5 1/2-1/2